[Event "4NCL Division 2b"]
[Site "Northampton, ENG"]
[Date "2018.02.10"]
[Round "5.51"]
[White "Mueller, Constantin"]
[Black "Scott, Gordon W"]
[Result "1/2-1/2"]
[WhiteElo "2260"]
[BlackElo "2232"]
[PlyCount "137"]
[EventDate "2018.02.10"]
[WhiteTeam "North East England"]
[BlackTeam "Anglian Avengers 1"]

1. d4 Nf6 2. c4 g6 3. Nc3 Bg7 4. e4 d6 5. Nf3 O-O 6. Be2 e5 7. d5 a5 8. Bg5 h6
9. Bh4 Na6 10. Nd2 Qe8 11. O-O Bd7 12. b3 Nh7 13. a3 h5 14. f3 Bh6 15. Kh1 Nc5
16. Rb1 f5 17. Qc2 Nf6 18. b4 axb4 19. axb4 Na4 20. Nb5 Bxb5 21. cxb5 Bxd2 22.
Qxd2 fxe4 23. Rbc1 exf3 24. Rxf3 Ne4 25. Qh6 Nac3 26. Bd3 Rf4 27. Rxf4 exf4 28.
Re1 g5 29. Kg1 gxh4 30. Bxe4 Nxe4 31. Qxf4 Qg6 32. Qxe4 Qxe4 33. Rxe4 Ra1+ 34.
Kf2 Rd1 35. Re8+ Kf7 36. Rc8 Rxd5 37. Rxc7+ Ke6 38. Rxb7 Rd4 39. Rh7 Rxb4 40.
Rxh5 Rb2+ 41. Kf3 Rb4 42. Ke3 Rg4 43. Kf3 Rb4 44. b6 Kd7 45. b7 Kc6 46. Rxh4
Rxb7 47. Rh8 Rf7+ 48. Ke3 Kd5 49. Re8 Rf1 50. Ke2 Rh1 51. h3 Kd4 52. Kf2 Kc3
53. Rd8 Rd1 54. h4 d5 55. h5 d4 56. g4 Rh1 57. Rc8+ Kd3 58. Kg2 Rh4 59. Kg3 Rh1
60. Kf4 Kd2 61. Kg5 d3 62. Rd8 Ke3 63. Re8+ Kf3 64. Rd8 Ke3 65. h6 d2 66. Kg6
d1=Q 67. Rxd1 Rxd1 68. h7 Rh1 69. Kg7 1/2-1/2

[Event "4NCL Division 2b"]
[Site "Northampton, ENG"]
[Date "2018.02.10"]
[Round "5.52"]
[White "Player, Edmund C"]
[Black "Walker, David J"]
[Result "1/2-1/2"]
[WhiteElo "2230"]
[BlackElo "2290"]
[PlyCount "45"]
[EventDate "2018.02.10"]
[WhiteTeam "Anglian Avengers 1"]
[BlackTeam "North East England"]

1. e4 e6 2. d4 d5 3. Nd2 Be7 4. Bd3 c5 5. dxc5 Nf6 6. Qe2 O-O 7. Ngf3 a5 8. O-O
Na6 9. e5 Nd7 10. c4 Ndxc5 11. Bb1 Nb4 12. Rd1 b6 13. a3 Nc6 14. Ne4 dxe4 15.
Rxd8 Rxd8 16. Ng5 Bb7 17. Qh5 h6 18. Nxf7 Nd4 19. Nxh6+ gxh6 20. Qg6+ Kh8 21.
Qxh6+ Kg8 22. Qg6+ Kh8 23. Qh6+ 1/2-1/2

[Event "4NCL Division 2b"]
[Site "Northampton, ENG"]
[Date "2018.02.10"]
[Round "5.53"]
[White "Dunn, Andrew"]
[Black "Moore, Graham J"]
[Result "0-1"]
[WhiteElo "2237"]
[BlackElo "2179"]
[PlyCount "106"]
[EventDate "2018.02.10"]
[WhiteTeam "North East England"]
[BlackTeam "Anglian Avengers 1"]

1. d4 Nf6 2. c4 g6 3. Nc3 Bg7 4. e4 d6 5. f4 O-O 6. Nf3 e5 7. dxe5 dxe5 8. Qxd8
Rxd8 9. Nxe5 Re8 10. Be2 Nxe4 11. Nxe4 f6 12. Nxf6+ Bxf6 13. O-O Nc6 14. Bf3
Nxe5 15. fxe5 Bxe5 16. Bd5+ Be6 17. Bxb7 Rab8 18. Bd5 Bxd5 19. cxd5 Bd4+ 20.
Kh1 Bxb2 21. Rb1 Be5 22. Be3 a6 23. Bc5 Rxb1 24. Rxb1 Rd8 25. Rd1 c6 26. d6 Kf7
27. Bb6 Rxd6 28. Rc1 Ke6 29. g3 Kd7 30. a4 Bd4 31. Ba5 c5 32. Kg2 Rf6 33. Rc2
Kd6 34. Bb6 Kd5 35. a5 h5 36. h3 Ke4 37. h4 Kd3 38. Rc1 Rf2+ 39. Kh3 Rc2 40.
Rf1 Rf2 41. Re1 Re2 42. Rf1 Re4 43. Rd1+ Kc2 44. Rf1 c4 45. Bxd4 Rxd4 46. Rf6
c3 47. Rxa6 Kd1 48. Rxg6 Rc4 49. Rd6+ Ke1 50. a6 c2 51. a7 Rc8 52. Rc6 Rxc6 53.
a8=Q c1=Q 0-1

[Event "4NCL Division 2b"]
[Site "Northampton, ENG"]
[Date "2018.02.10"]
[Round "5.54"]
[White "Gallagher, Daniel GH"]
[Black "Wall, Tim P"]
[Result "0-1"]
[WhiteElo "2226"]
[BlackElo "2227"]
[PlyCount "82"]
[EventDate "2018.02.10"]
[WhiteTeam "Anglian Avengers 1"]
[BlackTeam "North East England"]

1. e4 Nc6 2. Nf3 d6 3. d4 Nf6 4. Nc3 Bg4 5. Be3 e6 6. Be2 Be7 7. O-O O-O 8. h3
Bh5 9. d5 exd5 10. exd5 Bxf3 11. Bxf3 Ne5 12. Be2 Re8 13. Qd2 Ned7 14. f4 Nc5
15. Bf3 Bf8 16. Rfe1 a5 17. Bd4 g6 18. g4 Bg7 19. g5 Nfd7 20. Bxg7 Kxg7 21.
Rxe8 Qxe8 22. Re1 Qd8 23. h4 h5 24. Nb5 Nb6 25. f5 Qd7 26. fxg6 fxg6 27. Qd4+
Kh7 28. Qf6 Re8 29. Rxe8 Qxe8 30. Nxc7 Qe1+ 31. Kg2 Nc4 32. Qf7+ Kh8 33. Qf8+
Kh7 34. Qh6+ Kg8 35. Qxg6+ Kf8 36. Qf6+ Kg8 37. Qg6+ Kf8 38. Qf6+ Kg8 39. g6
Ne3+ 40. Kh3 Qf1+ 41. Kg3 Ne4+ 0-1

[Event "4NCL Division 2b"]
[Site "Northampton, ENG"]
[Date "2018.02.10"]
[Round "5.55"]
[White "Moreby, James"]
[Black "Lindner, Daniel"]
[Result "1/2-1/2"]
[WhiteElo "2230"]
[BlackElo "2214"]
[PlyCount "30"]
[EventDate "2018.02.10"]
[WhiteTeam "North East England"]
[BlackTeam "Anglian Avengers 1"]

1. Nf3 d6 2. c4 f5 3. d4 Nf6 4. Nc3 e6 5. Bg5 Be7 6. Bxf6 Bxf6 7. e4 fxe4 8.
Nxe4 O-O 9. Bd3 Nc6 10. Nxf6+ Qxf6 11. O-O e5 12. dxe5 Nxe5 13. Nxe5 Qxe5 14.
Qc2 Bf5 15. Bxf5 Qxf5 1/2-1/2

[Event "4NCL Division 2b"]
[Site "Northampton, ENG"]
[Date "2018.02.10"]
[Round "5.56"]
[White "Peck, Silas"]
[Black "Dargan, Paul A G"]
[Result "1/2-1/2"]
[WhiteElo "2125"]
[BlackElo "2207"]
[PlyCount "154"]
[EventDate "2018.02.10"]
[WhiteTeam "Anglian Avengers 1"]
[BlackTeam "North East England"]

1. e4 c5 2. Nf3 Nc6 3. d4 cxd4 4. Nxd4 g6 5. Nc3 Bg7 6. Be3 Nf6 7. Bc4 O-O 8.
Bb3 a5 9. O-O a4 10. Nxa4 Nxe4 11. Nb5 Ra6 12. c4 d6 13. Qe2 Nf6 14. Rfe1 Bd7
15. Rad1 Qb8 16. h3 Be6 17. Bg5 Nd7 18. Nac3 h6 19. Bh4 Nc5 20. Nd5 g5 21. Bg3
Nxb3 22. axb3 Bxd5 23. Rxd5 Ra2 24. Rd2 f5 25. f4 gxf4 26. Qe6+ Kh7 27. Bxf4
Rf6 28. Qe3 Rg6 29. Kh1 Rxb2 30. Rxb2 Bxb2 31. Qd2 Bg7 32. c5 e5 33. Be3 f4 34.
Bg1 dxc5 35. Bxc5 Qc8 36. Qd3 Nd8 37. Bg1 Qc6 38. Re2 Nf7 39. Nc3 Ng5 40. Ne4
Nxe4 41. Rxe4 Bf8 42. Re2 h5 43. Rc2 Qe6 44. Qf3 Kh6 45. Qxb7 e4 46. Rc7 Rg7
47. Bh2 f3 48. Rxg7 Bxg7 49. gxf3 Qxh3 50. Qc6+ Kg5 51. Qd5+ Kh6 52. Qd2+ Kh7
53. fxe4 Qxb3 54. Qe2 Qh3 55. e5 Qg4 56. Qxg4 hxg4 57. Kg2 Kg6 58. Bf4 Kf5 59.
Kg3 Bf8 60. e6 Be7 61. Bc7 Bb4 62. Ba5 Bd6+ 63. Kg2 Kxe6 64. Be1 Kf5 65. Bf2
Kg5 66. Be1 Kh5 67. Bf2 Be7 68. Kh2 Bh4 69. Bxh4 Kxh4 70. Kg2 g3 71. Kg1 Kg4
72. Kf1 Kf3 73. Kg1 Kf4 74. Kg2 Kg4 75. Kg1 Kh3 76. Kh1 g2+ 77. Kg1 Kg3 1/2-1/2

[Event "4NCL Division 2b"]
[Site "Northampton, ENG"]
[Date "2018.02.10"]
[Round "5.57"]
[White "Coathup, Roger H"]
[Black "Gregory, Stephen J"]
[Result "1-0"]
[WhiteElo "2155"]
[BlackElo "2095"]
[PlyCount "67"]
[EventDate "2018.02.10"]
[WhiteTeam "North East England"]
[BlackTeam "Anglian Avengers 1"]

1. d4 Nf6 2. c4 Nc6 3. Nf3 d6 4. Nc3 e5 5. d5 Ne7 6. e4 Ng6 7. g3 Be7 8. Bg2
O-O 9. Nd2 c6 10. Nf1 cxd5 11. cxd5 Bd7 12. Ne3 b5 13. O-O b4 14. Nb1 Bb5 15.
Re1 Qb8 16. a4 bxa3 17. Nxa3 Nd7 18. b4 Rc8 19. h4 Bf6 20. Nf5 Bc4 21. Bd2 Nb6
22. Rc1 Ne7 23. Ne3 Ba6 24. Qb3 g6 25. b5 Bb7 26. Nac4 Nd7 27. Bb4 Nc5 28. Qa3
a5 29. Bxc5 Rxc5 30. Nb6 Nc8 31. Nd7 Rxc1 32. Rxc1 Qa7 33. Nxf6+ Kg7 34. Ne8+
1-0

[Event "4NCL Division 2b"]
[Site "Northampton, ENG"]
[Date "2018.02.10"]
[Round "5.58"]
[White "Wallis, Ian J"]
[Black "Henderson, David"]
[Result "0-1"]
[WhiteElo "2057"]
[BlackElo "2125"]
[PlyCount "122"]
[EventDate "2018.02.10"]
[WhiteTeam "Anglian Avengers 1"]
[BlackTeam "North East England"]

1. e4 e5 2. Nf3 Nc6 3. Bb5 a6 4. Ba4 Nf6 5. O-O Be7 6. Bxc6 dxc6 7. d3 Bd6 8.
Nbd2 Qe7 9. Nc4 Bg4 10. h3 Bxf3 11. Qxf3 h6 12. Qe2 Nd7 13. f4 f6 14. Qh5+ Qf7
15. Qxf7+ Kxf7 16. fxe5 Nxe5 17. Ne3 c5 18. Nd5 c6 19. Nb6 Rad8 20. Be3 Rhe8
21. Rae1 Nd7 22. Nc4 Bc7 23. Bf4 Bxf4 24. Rxf4 Ne5 25. b3 Nxc4 26. bxc4 Re5 27.
Ref1 b5 28. Rf5 Ke6 29. Rxe5+ Kxe5 30. Rf5+ Kd4 31. cxb5 cxb5 32. Kf2 c4 33.
Ke2 Kc3 34. Rc5 Kxc2 35. dxc4 b4 36. Ra5 Rd4 37. c5 Rxe4+ 38. Kf3 Rc4 39. Rxa6
Rxc5 40. Ra7 Rc3+ 41. Kf4 Kb2 42. h4 g5+ 43. hxg5 hxg5+ 44. Kf5 Rc2 45. Kxf6
Rxg2 46. Ra4 Kc3 47. Kf5 Rg1 48. Ke4 Rf1 49. Ke3 g4 50. Ke2 Rf5 51. Ra8 g3 52.
Rg8 Rf2+ 53. Ke1 Rxa2 54. Rxg3+ Kc2 55. Rg2+ Kb1 56. Rg3 Rb2 57. Rg8 Rc2 58.
Rb8 Rc4 59. Kd2 Kb2 60. Kd3 Rc3+ 61. Kd4 b3 0-1

[Event "4NCL Division 2b"]
[Site "Northampton, ENG"]
[Date "2018.02.10"]
[Round "5.61"]
[White "Stepanyan, Henrik"]
[Black "Redmond, John P"]
[Result "1-0"]
[WhiteElo "2267"]
[BlackElo "2189"]
[PlyCount "61"]
[EventDate "2018.02.10"]
[WhiteTeam "Warwickshire Select 1"]
[BlackTeam "West is Best 2"]

1. d4 e6 2. Nf3 Nf6 3. c4 d5 4. g3 dxc4 5. Bg2 Bb4+ 6. Bd2 c5 7. Bxb4 cxb4 8.
Qa4+ Nc6 9. Ne5 Nd5 10. Nxc4 O-O 11. e3 b5 12. Qxb5 Bd7 13. Qc5 Rc8 14. Qd6
Nxd4 15. exd4 Rxc4 16. O-O Rxd4 17. Rc1 Bb5 18. Qe5 Qf6 19. Qe1 Rd8 20. Nd2 Nf4
21. Ne4 Rxe4 22. Bxe4 Ne2+ 23. Kg2 Nxc1 24. Qxc1 Qd4 25. Qc2 f5 26. Bf3 Qc4 27.
Rc1 Rc8 28. Qxc4 Rxc4 29. Re1 Kf7 30. Bd1 Rc1 31. Bh5+ 1-0

[Event "4NCL Division 2b"]
[Site "Northampton, ENG"]
[Date "2018.02.10"]
[Round "5.62"]
[White "Bullen, Alex"]
[Black "Mason, Donald J"]
[Result "1/2-1/2"]
[WhiteElo "2148"]
[BlackElo "2192"]
[PlyCount "42"]
[EventDate "2018.02.10"]
[WhiteTeam "West is Best 2"]
[BlackTeam "Warwickshire Select 1"]

1. d4 e6 2. e4 d5 3. Nc3 Bb4 4. e5 c5 5. Bd2 Ne7 6. a3 Bxc3 7. Bxc3 Nbc6 8. Nf3
cxd4 9. Nxd4 Nxe5 10. Nxe6 Bxe6 11. Bxe5 Nc6 12. Bg3 Qf6 13. Bd3 Qxb2 14. O-O
O-O 15. Qh5 g6 16. Qg5 Qg7 17. Rab1 f6 18. Qe3 Rfe8 19. Qc5 Rac8 20. f4 b6 21.
Qf2 Bf5 1/2-1/2

[Event "4NCL Division 2b"]
[Site "Northampton, ENG"]
[Date "2018.02.10"]
[Round "5.63"]
[White "Pitcher, John"]
[Black "Edgell, Ben P"]
[Result "1-0"]
[WhiteElo "2230"]
[BlackElo "2157"]
[PlyCount "67"]
[EventDate "2018.02.10"]
[WhiteTeam "Warwickshire Select 1"]
[BlackTeam "West is Best 2"]

1. e4 e5 2. Bc4 Nf6 3. d3 c6 4. Nf3 d5 5. Bb3 a5 6. a3 a4 7. Ba2 dxe4 8. Ng5
Be6 9. Nxe6 fxe6 10. Bxe6 Nbd7 11. dxe4 Nc5 12. Qxd8+ Rxd8 13. Ba2 Ncxe4 14. f3
Nc5 15. Nc3 Kd7 16. Bd2 Kc7 17. O-O-O Ra8 18. Rhe1 Ncd7 19. g4 h6 20. h3 Bd6
21. Be3 Rhe8 22. Bf7 Re7 23. Bg6 b5 24. Be4 Rd8 25. Re2 Nxe4 26. Nxe4 Nf6 27.
Nxf6 gxf6 28. Red2 e4 29. Rxd6 Rxd6 30. Bf4 Re5 31. Bxe5 fxe5 32. Rxd6 Kxd6 33.
fxe4 Kc5 34. h4 1-0

[Event "4NCL Division 2b"]
[Site "Northampton, ENG"]
[Date "2018.02.10"]
[Round "5.64"]
[White "Taylor, William J"]
[Black "Shephard, Chris C W"]
[Result "1/2-1/2"]
[WhiteElo "2076"]
[BlackElo "2197"]
[PlyCount "95"]
[EventDate "2018.02.10"]
[WhiteTeam "West is Best 2"]
[BlackTeam "Warwickshire Select 1"]

1. e4 d6 2. d4 Nf6 3. Nc3 e5 4. Nge2 Be7 5. g3 O-O 6. Bg2 c6 7. a4 Nbd7 8. O-O
Re8 9. h3 Qc7 10. Be3 a5 11. g4 h6 12. Ng3 Bf8 13. Nf5 Kh7 14. f4 g6 15. Ng3
exf4 16. Bxf4 Bg7 17. Qd2 Ng8 18. Rf2 Re7 19. Raf1 Ndf6 20. e5 Ne8 21. exd6
Nxd6 22. Qd3 Qd8 23. Kh1 Be6 24. b3 Ne8 25. Be3 Nc7 26. Nh5 Nd5 27. Nxd5 Bxd5
28. Nxg7 Kxg7 29. c4 Bxg2+ 30. Kxg2 Qd7 31. Qd2 Rae8 32. Bf4 f6 33. Qc3 Re4 34.
Qxa5 Rxd4 35. Qc7 Qxc7 36. Bxc7 Rd3 37. Rf3 Rd7 38. Bb6 Re4 39. a5 Kf7 40. R1f2
Rd1 41. Rf4 Rxf4 42. Rxf4 Rd2+ 43. Kg3 Rb2 44. Rf3 Rd2 45. b4 Rc2 46. Rf4 Ne7
47. Bc5 f5 48. Bxe7 1/2-1/2

[Event "4NCL Division 2b"]
[Site "Northampton, ENG"]
[Date "2018.02.10"]
[Round "5.65"]
[White "Fallowfield, Jeremy R"]
[Black "Spencer, Douglas"]
[Result "1-0"]
[WhiteElo "2155"]
[BlackElo "2010"]
[PlyCount "77"]
[EventDate "2018.02.10"]
[WhiteTeam "Warwickshire Select 1"]
[BlackTeam "West is Best 2"]

1. d4 d5 2. c4 e6 3. Nf3 c6 4. Nc3 dxc4 5. e3 b5 6. a4 Bb4 7. Bd2 a5 8. Rb1 Nf6
9. axb5 Bxc3 10. bxc3 cxb5 11. Rxb5 O-O 12. Be2 Ba6 13. Rb2 Nbd7 14. O-O Ne4
15. Qa4 Qc7 16. Rfb1 f5 17. Be1 g5 18. Qc2 Rfb8 19. Nd2 Rxb2 20. Rxb2 Nxd2 21.
Bxd2 Bb7 22. Qa4 Bd5 23. f3 h6 24. Be1 Nf6 25. Rb5 Qd7 26. Bxc4 Bc6 27. Qb3 Nd5
28. Rb8+ Rxb8 29. Qxb8+ Kh7 30. Qe5 a4 31. Ba2 a3 32. c4 Nc7 33. Bc3 Ne8 34. d5
exd5 35. cxd5 Ba4 36. Bb1 Nd6 37. g4 Qb7 38. Qh8+ Kg6 39. Qg8+ 1-0

[Event "4NCL Division 2b"]
[Site "Northampton, ENG"]
[Date "2018.02.10"]
[Round "5.66"]
[White "Gregory, Andrew M"]
[Black "Hynes, Anthony M"]
[Result "1/2-1/2"]
[WhiteElo "1998"]
[BlackElo "2147"]
[PlyCount "42"]
[EventDate "2018.02.10"]
[WhiteTeam "West is Best 2"]
[BlackTeam "Warwickshire Select 1"]

1. d4 d5 2. Nf3 Nf6 3. e3 e6 4. Be2 Be7 5. O-O O-O 6. Ne5 Nbd7 7. f4 Nxe5 8.
fxe5 Ne4 9. Nd2 Bd7 10. Nxe4 dxe4 11. c3 Bc6 12. a4 a5 13. b3 f6 14. exf6 gxf6
15. Ba3 Bxa3 16. Rxa3 Qe7 17. Ra2 Kh8 18. Bb5 Bxb5 19. axb5 b6 20. Qg4 f5 21.
Qf4 Qd6 1/2-1/2

[Event "4NCL Division 2b"]
[Site "Northampton, ENG"]
[Date "2018.02.10"]
[Round "5.67"]
[White "Brooks, Phil J"]
[Black "Homer, Stephen J"]
[Result "1/2-1/2"]
[WhiteElo "2180"]
[BlackElo "2011"]
[PlyCount "74"]
[EventDate "2018.02.10"]
[WhiteTeam "Warwickshire Select 1"]
[BlackTeam "West is Best 2"]

1. d4 Nf6 2. c4 e6 3. Nc3 Bb4 4. Qc2 c5 5. dxc5 Bxc5 6. Nf3 Qb6 7. e3 Be7 8.
Be2 Nc6 9. O-O O-O 10. a3 d6 11. b3 Bd7 12. Bb2 Rac8 13. Qd1 Rfd8 14. b4 Be8
15. Qb3 Na5 16. Qa2 Nc6 17. Rfd1 a6 18. Rac1 h6 19. h3 Qa7 20. Qb1 Bd7 21. Qa1
e5 22. Qb1 Be6 23. Nd5 Bxd5 24. cxd5 Nb8 25. e4 Nbd7 26. Rxc8 Rxc8 27. Rc1
Rxc1+ 28. Bxc1 Bd8 29. Be3 Bb6 30. Bxb6 Qxb6 31. Qc2 Kh7 32. Nd2 Qd4 33. Nb3
Qb6 34. Bf3 Nf8 35. Qc8 Ng6 36. g3 Qb5 37. Qc3 Qd7 1/2-1/2

[Event "4NCL Division 2b"]
[Site "Northampton, ENG"]
[Date "2018.02.10"]
[Round "5.68"]
[White "Cooke, Suzie G"]
[Black "Phillips, David"]
[Result "1-0"]
[WhiteElo "1926"]
[BlackElo "1791"]
[PlyCount "71"]
[EventDate "2018.02.10"]
[WhiteTeam "West is Best 2"]
[BlackTeam "Warwickshire Select 1"]

1. d4 d5 2. Bf4 Nf6 3. e3 c5 4. c3 Nc6 5. Nd2 e6 6. Bd3 Bd6 7. Bg3 O-O 8. Ngf3
b6 9. Ne5 Qc7 10. f4 Bb7 11. O-O Nd7 12. Bh4 g6 13. Ndf3 f6 14. Ng4 Kg7 15. Qe1
Rae8 16. Qd2 a5 17. Rae1 cxd4 18. Nxd4 Nxd4 19. exd4 h5 20. Ne5 fxe5 21. fxe5
Rxf1+ 22. Rxf1 Bxe5 23. dxe5 Rf8 24. Rxf8 Nxf8 25. Bf6+ Kg8 26. Qh6 Qh7 27. Qg5
Bc6 28. Qe3 Qb7 29. Qg3 Be8 30. Be2 Kh7 31. Qf3 Kg8 32. Qf4 Qd7 33. Bb5 Qc8 34.
Qh6 Qc5+ 35. Kh1 Bxb5 36. Qg7# 1-0

[Event "4NCL Division 2b"]
[Site "Northampton, ENG"]
[Date "2018.02.10"]
[Round "5.71"]
[White "Harakis, Alexis M"]
[Black "Kilpatrick, Callum"]
[Result "0-1"]
[WhiteElo "2280"]
[BlackElo "2354"]
[PlyCount "52"]
[EventDate "2018.02.10"]
[WhiteTeam "KJCA Kings"]
[BlackTeam "Guildford 3"]

1. c4 Nf6 2. Nf3 g6 3. Nc3 d5 4. cxd5 Nxd5 5. Qb3 Nb6 6. d4 Bg7 7. Bf4 Be6 8.
Qc2 O-O 9. Rd1 Nc6 10. e3 Nb4 11. Qb1 N6d5 12. Bg3 Nxc3 13. bxc3 Nxa2 14. Qb2
c5 15. Be5 Qb6 16. Qxb6 axb6 17. d5 Bf5 18. Bxg7 Kxg7 19. Kd2 Ra3 20. Ra1 Rfa8
21. Ne5 Nxc3 22. Rxa3 Rxa3 23. f3 Nb1+ 24. Ke2 Kf6 25. Nc4 Ra2+ 26. Ke1 b5 0-1

[Event "4NCL Division 2b"]
[Site "Northampton, ENG"]
[Date "2018.02.10"]
[Round "5.72"]
[White "Golding, Alex"]
[Black "Hand, Freddie"]
[Result "0-1"]
[WhiteElo "2297"]
[BlackElo "2107"]
[PlyCount "96"]
[EventDate "2018.02.10"]
[WhiteTeam "Guildford 3"]
[BlackTeam "KJCA Kings"]

1. e4 e5 2. Bc4 Nf6 3. Qe2 Nc6 4. Nf3 Be7 5. O-O O-O 6. c3 Re8 7. Bb3 Bf8 8.
Ng5 Re7 9. f4 exf4 10. Rxf4 d5 11. Qf3 h6 12. Nxf7 Rxf7 13. Bxd5 Nxd5 14. Rxf7
Nf6 15. Rxf6 Qxf6 16. Qxf6 gxf6 17. d4 Kg7 18. Bf4 Bd6 19. Bxd6 cxd6 20. Na3
Bg4 21. Nc4 Rd8 22. Ne3 Bh5 23. Kf2 Bg6 24. Kf3 Re8 25. Nf5+ Bxf5 26. exf5 d5
27. Rd1 b5 28. Rd3 a5 29. g4 b4 30. h4 bxc3 31. bxc3 a4 32. Rd1 Kf7 33. Rb1 Rb8
34. Rxb8 Nxb8 35. Ke3 Nd7 36. h5 Nb6 37. Kd3 Ke7 38. Kc2 Nc4 39. Kd3 Kd6 40.
Ke2 Kc6 41. Kd3 Kb5 42. Ke2 Nd6 43. Kd3 a3 44. Kc2 Kc4 45. Kd2 Ne4+ 46. Kc2
Nxc3 47. g5 fxg5 48. f6 Nb5 0-1

[Event "4NCL Division 2b"]
[Site "Northampton, ENG"]
[Date "2018.02.10"]
[Round "5.73"]
[White "Golding, James"]
[Black "Grieve, Harry"]
[Result "0-1"]
[WhiteElo "2046"]
[BlackElo "2209"]
[PlyCount "60"]
[EventDate "2018.02.10"]
[WhiteTeam "KJCA Kings"]
[BlackTeam "Guildford 3"]

1. d4 g6 2. c4 Bg7 3. Nc3 c5 4. d5 Bxc3+ 5. bxc3 f5 6. g3 Qa5 7. Qb3 Nf6 8. Bg2
d6 9. Nf3 Nbd7 10. Nd2 Nb6 11. O-O O-O 12. Re1 e5 13. Nb1 Bd7 14. Na3 Ba4 15.
Qb2 Qa6 16. Bf1 Rf7 17. Bh6 Re8 18. f3 e4 19. Bg5 Nfd7 20. fxe4 fxe4 21. Bf4
Nxc4 22. Nxc4 Qxc4 23. Bxd6 Qxd5 24. Bf4 g5 25. Be3 Nb6 26. Qa3 Rc7 27. Rab1
Bc2 28. Rb5 Rec8 29. Qxa7 Nc4 30. Bc1 b6 0-1

[Event "4NCL Division 2b"]
[Site "Northampton, ENG"]
[Date "2018.02.10"]
[Round "5.74"]
[White "Emerson, Roger"]
[Black "Verma, Aditya"]
[Result "1/2-1/2"]
[WhiteElo "2219"]
[BlackElo "1975"]
[PlyCount "57"]
[EventDate "2018.02.10"]
[WhiteTeam "Guildford 3"]
[BlackTeam "KJCA Kings"]

1. d4 e6 2. Nf3 f5 3. g3 Nf6 4. Bg2 Be7 5. c4 O-O 6. O-O d6 7. b3 Ne4 8. Nbd2
Bf6 9. Bb2 Nc6 10. Nxe4 fxe4 11. Ne1 d5 12. e3 Ne7 13. f3 exf3 14. Nxf3 b6 15.
Qe2 Bb7 16. cxd5 exd5 17. Rac1 Nf5 18. g4 Nd6 19. Ba3 Re8 20. Bxd6 cxd6 21. g5
Bxg5 22. Nxg5 Qxg5 23. Rc7 Bc8 24. h4 Qg3 25. Rff7 Be6 26. Qf2 Qxf2+ 27. Rxf2
h6 28. Rfc2 Rac8 29. Rxc8 1/2-1/2

[Event "4NCL Division 2b"]
[Site "Northampton, ENG"]
[Date "2018.02.10"]
[Round "5.75"]
[White "Ratnesan, Ranesh"]
[Black "Osborne, Marcus E"]
[Result "1-0"]
[WhiteElo "2018"]
[BlackElo "2165"]
[PlyCount "99"]
[EventDate "2018.02.10"]
[WhiteTeam "KJCA Kings"]
[BlackTeam "Guildford 3"]

1. d4 Nf6 2. c4 e6 3. g3 c5 4. Nf3 cxd4 5. Nxd4 Bb4+ 6. Bd2 Bc5 7. Nb3 Be7 8.
Bg2 Qc7 9. Qc1 d6 10. Nc3 a6 11. Na4 Nc6 12. Be3 Nd7 13. f4 b6 14. O-O Bb7 15.
Bf2 Nb4 16. Bxb7 Qxb7 17. Qc3 d5 18. c5 Nc6 19. Nxb6 Bf6 20. Qd2 h5 21. Nxa8
Qxa8 22. h4 Qd8 23. Kg2 Rh6 24. Rg1 Rg6 25. Kf1 Rg4 26. Nd4 Bxd4 27. Bxd4 f6
28. Be3 Qe7 29. Rc1 Qf7 30. Rd1 Qg6 31. Qd3 f5 32. Bf2 Ndb8 33. e3 Qf7 34. Be1
Qb7 35. Bc3 Nd7 36. Bd4 Nb4 37. Qb3 a5 38. a3 Qa6+ 39. Kf2 Nc6 40. Qc3 Qb5 41.
Rc1 a4 42. Rgd1 Nxd4 43. Rxd4 Qc6 44. Qb4 e5 45. Qxa4 Qxa4 46. Rxa4 Kd8 47. Ra6
Nf6 48. Ra4 d4 49. c6 Ne4+ 50. Ke1 1-0

[Event "4NCL Division 2b"]
[Site "Northampton, ENG"]
[Date "2018.02.10"]
[Round "5.76"]
[White "Punnett, Alan K"]
[Black "Young, Daniel J"]
[Result "1/2-1/2"]
[WhiteElo "2059"]
[BlackElo "2003"]
[PlyCount "91"]
[EventDate "2018.02.10"]
[WhiteTeam "Guildford 3"]
[BlackTeam "KJCA Kings"]

1. e4 c5 2. Nf3 d6 3. d4 cxd4 4. Nxd4 Nf6 5. Nc3 a6 6. a4 Nc6 7. Be2 e5 8. Nb3
Be6 9. Bg5 Be7 10. Bxf6 Bxf6 11. Nd5 Be7 12. O-O O-O 13. c3 Bg5 14. Nd2 Bxd2
15. Qxd2 Ne7 16. Bc4 Rc8 17. Nxe7+ Qxe7 18. Bd5 Bxd5 19. Qxd5 Rc5 20. Qd3 Rd8
21. Rad1 Qe6 22. Rd2 Qc4 23. Ra1 Qxd3 24. Rxd3 Kf8 25. f3 Ke7 26. Kf2 Ke6 27.
Rad1 g6 28. g4 h6 29. h4 Rc4 30. b3 Rc5 31. c4 b5 32. cxb5 axb5 33. a5 b4 34.
Rd5 Rc3 35. R1d3 Rxd3 36. Rxd3 Ra8 37. Rd5 f5 38. Rb5 fxe4 39. fxe4 Kd7 40.
Rxb4 Rxa5 41. Rb7+ Ke6 42. Rh7 Kf6 43. h5 gxh5 44. Rxh6+ Kg5 45. Rxh5+ Kxg4 46.
Rh6 1/2-1/2

[Event "4NCL Division 2b"]
[Site "Northampton, ENG"]
[Date "2018.02.10"]
[Round "5.77"]
[White "Ng, Chung Lok Andrew"]
[Black "Shepley, Julien M"]
[Result "1-0"]
[WhiteElo "1862"]
[BlackElo "2003"]
[PlyCount "53"]
[EventDate "2018.02.10"]
[WhiteTeam "KJCA Kings"]
[BlackTeam "Guildford 3"]

1. d4 d5 2. c4 e6 3. Nc3 c5 4. cxd5 cxd4 5. Qa4+ Bd7 6. Qxd4 exd5 7. Qxd5 Nc6
8. Nf3 Nf6 9. Qd1 Bc5 10. e3 Qe7 11. Be2 g5 12. a3 g4 13. Nd2 O-O-O 14. b4 Bd6
15. Bb2 h5 16. Qc2 Kb8 17. Nc4 Be5 18. b5 Bxc3+ 19. Bxc3 Rc8 20. bxc6 Bxc6 21.
Qb2 Rh6 22. Be5+ Ka8 23. Nd6 Rch8 24. Nf5 Qe6 25. Nxh6 Rxh6 26. Rd1 Nd7 27. Rd6
1-0

[Event "4NCL Division 2b"]
[Site "Northampton, ENG"]
[Date "2018.02.10"]
[Round "5.78"]
[White "Stimpson, Philip M"]
[Black "Anilkumar, Anantha P"]
[Result "0-1"]
[WhiteElo "1943"]
[BlackElo "1824"]
[PlyCount "68"]
[EventDate "2018.02.10"]
[WhiteTeam "Guildford 3"]
[BlackTeam "KJCA Kings"]

1. e4 c5 2. Nc3 Nc6 3. f4 g6 4. Nf3 Bg7 5. Bb5 Nd4 6. O-O a6 7. Bd3 e6 8. Nxd4
cxd4 9. Ne2 Ne7 10. c3 dxc3 11. bxc3 d5 12. e5 O-O 13. Bc2 f6 14. d4 Bd7 15.
Bd3 Nc8 16. Rb1 b5 17. Ba3 Rf7 18. Bc5 Bf8 19. Bxf8 Qxf8 20. Nc1 Nb6 21. Nb3
Na4 22. Qd2 Rc8 23. Rbc1 Be8 24. Bb1 Rfc7 25. Rf3 Qa3 26. exf6 b4 27. f5 gxf5
28. Qh6 Nxc3 29. Rcxc3 bxc3 30. Nc5 Qb4 31. Nxe6 Qxb1+ 32. Rf1 Qb4 33. Nxc7
Qxd4+ 34. Kh1 Rxc7 0-1

[Event "4NCL Division 2b"]
[Site "Northampton, ENG"]
[Date "2018.02.10"]
[Round "5.81"]
[White "Polaczek, Richard"]
[Black "Swanson, Stephen"]
[Result "0-1"]
[WhiteElo "2392"]
[BlackElo "2190"]
[PlyCount "88"]
[EventDate "2018.02.10"]
[WhiteTeam "Manchester Manticores 1"]
[BlackTeam "Poisoned Pawns 1"]

1. d4 g6 2. e4 Bg7 3. Nc3 d6 4. f4 Nf6 5. Nf3 c5 6. dxc5 Qa5 7. Bd3 Qxc5 8. Qe2
O-O 9. Be3 Qa5 10. O-O Bg4 11. h3 Bxf3 12. Qxf3 Nc6 13. Rad1 Rac8 14. Kh1 a6
15. Qf2 Nd7 16. Nd5 e6 17. Nb6 Nxb6 18. Bxb6 Qa4 19. c3 Nb8 20. Bb1 Qc6 21. Be3
Rcd8 22. Rd2 Rd7 23. f5 exf5 24. exf5 Re8 25. Bg5 Qc5 26. Re2 Rxe2 27. Qxe2 Qc8
28. h4 Nc6 29. h5 Ne5 30. hxg6 hxg6 31. f6 Bf8 32. Rf4 Rc7 33. Rh4 Rc4 34. Be4
Qe6 35. g3 Rxe4 36. Qxe4 Qxa2 37. Bh6 Qa1+ 38. Kg2 Qxb2+ 39. Kh3 Bxh6 40. Rxh6
Qc1 41. Rh4 Qf1+ 42. Qg2 Qf5+ 43. g4 Qxf6 44. Qxb7 Qf3+ 0-1

[Event "4NCL Division 2b"]
[Site "Northampton, ENG"]
[Date "2018.02.10"]
[Round "5.82"]
[White "Clark, Kevin R"]
[Black "Macklin, Paul"]
[Result "1/2-1/2"]
[WhiteElo "2125"]
[BlackElo "2395"]
[PlyCount "20"]
[EventDate "2018.02.10"]
[WhiteTeam "Poisoned Pawns 1"]
[BlackTeam "Manchester Manticores 1"]

1. e4 Nc6 2. Nc3 Nf6 3. Nf3 d6 4. d4 g6 5. Bc4 Bg7 6. Bb3 O-O 7. Bg5 Bg4 8. Qd3
Bxf3 9. gxf3 e5 10. dxe5 dxe5 1/2-1/2